Life sciences: Fundamentals and practice. Pt.-2 (Record no. 19842)

MARC details
000 -LEADER
fixed length control field 00500nam a2200181Ia 4500
008 - FIXED-LENGTH DATA ELEMENTS--GENERAL INFORMATION
fixed length control field 230917s9999||||xx |||||||||||||| ||und||
020 ## - ISBN
Price RS430
040 ## - CATALOGING SOURCE
-- 235875
Original cataloging agency VIVEKANANDA LIBRARY
041 ## - Language
-- English
082 ## - DDC NUMBER
Classification number 570 P886L(5)
100 ## - MAIN ENTRY--PERSONAL NAME
Personal name Pranav Kumar
245 #0 - TITLE STATEMENT
Title Life sciences: Fundamentals and practice. Pt.-2
250 ## - EDITION STATEMENT
Edition statement 5th ed.
260 ## - PUBLICATION, DISTRIBUTION, ETC. (IMPRINT)
Place of publication, distribution, etc New Delhi
Name of publisher, distributor, etc Pathfinder Publication
Date of publication, distribution, etc 2016
300 ## - PHYSICAL DESCRIPTION
Pages xiii, 700 p.
500 ## - GENERAL NOTE
General note 2461 22/11/2016 RBP17/63630 10/02/2017 Main Budget
942 ## - ADDED ENTRY ELEMENTS (KOHA)
Koha item type Books
Holdings
Withdrawn status Lost status Damaged status Not for loan Location (home branch) Sublocation or collection (holding branch) Date acquired Koha issues (times borrowed) Koha full call number Accession No. Koha date last seen Koha item type Shelving location
        VIVEKANANDA LIBRARY VIVEKANANDA LIBRARY 03/03/2017 4 570 P886L(5) 359868 20/03/2026 Books  
        VIVEKANANDA LIBRARY VIVEKANANDA LIBRARY 03/03/2017 5 570 P886L(5) 359869 22/05/2025 Books  
        VIVEKANANDA LIBRARY VIVEKANANDA LIBRARY 03/03/2017 9 570 P886L(5) 359870 23/03/2026 Books  
        VIVEKANANDA LIBRARY VIVEKANANDA LIBRARY 03/03/2017 8 570 P886L(5) 359871 03/04/2026 Books  
        VIVEKANANDA LIBRARY VIVEKANANDA LIBRARY 03/03/2017   570 P886L(5) 359872 17/09/2023 Books  
        VIVEKANANDA LIBRARY VIVEKANANDA LIBRARY 03/03/2017 4 570 P886L(5) 366179 15/04/2024 Books UIET Library
        VIVEKANANDA LIBRARY VIVEKANANDA LIBRARY 03/03/2017 1 570 P886L(5) 366180 19/06/2024 Books UIET Library
        VIVEKANANDA LIBRARY VIVEKANANDA LIBRARY 03/03/2017 6 570 P886L(5) 366181 24/12/2024 Books UIET Library
        VIVEKANANDA LIBRARY VIVEKANANDA LIBRARY 03/03/2017 3 570 P886L(5) 366182 11/03/2024 Books UIET Library
        VIVEKANANDA LIBRARY VIVEKANANDA LIBRARY 03/03/2017 3 570 P886L(5) 366183 22/02/2024 Books UIET Library
© Designed and Maintained by Vivekananda Library, MDU Rohtak